• 首页
  • 本馆介绍
  • 公告通知
  • 最新文献
  • 馆藏检索
  • 电子资源
  • 读者导购
  • 参考咨询
  • 我的图书馆
  • 登录
  • 详细信息显示
  • 放入我的书架
  • 预约/预借图书
  • 作者相关作品
  • 分类相关作品
  • 丛书相关作品
  • 出版社相关作品

书目信息

  • 表格格式
  • 工作单格式
  • 卡片格式
题名:
亚洲文化价值观的历史变迁
    
 
作者: 秦丽莉, 著
分册:  
出版信息: 广州   世界图书出版广东有限公司  2018
页数: 170页
开本: 24cm
丛书名:
单 册:
中图分类: G02
科图分类:
主题词: 文化哲学--wen hua zhe xue--研究--亚洲
电子资源:
ISBN: 978-7-5192-1982-6
000 01094nam0 2200277 45
001 012001004138
005 20140102131829.0
010    @a978-7-5192-1982-6@dCNY32.00
099    @aCAL 012016167223
100    @a20161207d2016 em y0chiy50 ea
101 0  @achi
102    @aCN@b440000
105    @ay a 000yy
106    @ar
200 1  @a亚洲文化价值观的历史变迁@Aya zhou wen hua jia zhi guan de li shi bian qian@d= The historical evolution of Asian cultural values@f秦丽莉著@zeng
210    @a广州@c世界图书出版广东有限公司@d2018
215    @a170页@d24cm
314    @a秦丽莉, 辽宁人, 副教授, 博士等职。
320    @a有书目 (第147-170页)
330    @a本书共分为十章, 主要内容包括: 亚洲文化价值观的提出与内涵、亚洲价值观的历史 —— 宏观、亚洲文化价值观的发展史 —— 微观、中国文化价值观、自由主义、儒学中的“礼”与精英人物的特权等。
510 1  @aHistorical evolution of Asian cultural values@zeng
606 0  @a文化哲学@Awen hua zhe xue@x研究@y亚洲
690    @aG02@v5
701  0 @a秦丽莉,@Aqin li li@f1976-@4著
801    @b江苏凤凰@c20191020
905    @b1237991-4@dG02@e140@f4
    
    亚洲文化价值观的历史变迁= The historical evolution of Asian cultural values/秦丽莉著.-广州:世界图书出版广东有限公司,2018
    170页;24cm
    
    
    ISBN 978-7-5192-1982-6:CNY32.00
    本书共分为十章, 主要内容包括: 亚洲文化价值观的提出与内涵、亚洲价值观的历史 —— 宏观、亚洲文化价值观的发展史 —— 微观、中国文化价值观、自由主义、儒学中的“礼”与精英人物的特权等。
●
相关链接 在E读中查询图书 在五车中查询图书 在当当中查询图书 在豆瓣中查询图书


正题名:亚洲文化价值观的历史变迁     索取号:G02/140         预约/预借

序号 登录号 条形码 馆藏地/架位号 状态 备注
1 1237991   212379914   第一样本阅览室/ [索取号:G02/140] 在馆    
2 1237992   212379923   教育系资料室/ [索取号:G02/140] 在馆    
3 1237993   212379932   教育系资料室/ [索取号:G02/140] 在馆    
4 1237994   212379941   第四借阅区/ [索取号:G02/140] 在馆    
唐山师范学院图书馆 欢迎您!
大连网信软件有限公司© 版权所有